Statistics for U.S. States Closest to D.C.

Click here to take the quiz!

General Stats

  • This quiz has been taken 26 times
  • The average score is 10 of 10

Answer Stats

miStatekm% Correct
69Delaware111
100%
4Maryland6
100%
184New York296
100%
2Virginia3
100%
212Ohio341
96%
57Pennsylvania92
96%
47West Virginia76
96%
88New Jersey142
92%
162North Carolina260
92%
229Connecticut369
88%

Score Distribution

Percentile by Number Answered

Percent of People with Each Score

Your Score History

You have not taken this quiz